000 01095nam a2200289 i 4500
001 000002730
003 DO-SdBNP
005 20251212085651.0
007 ta
008 090703s1997 dr a 001 0 spa d
040 _aDO-SdBNP
_bspa
_cBNPHU
_erda
082 4 _a336.2017293
_bM385t
_222
100 1 _aMartínez de los Santos, Roberto,
_98599
_eautor
245 1 3 _aLo que tiene que saber y hacer el contribuyente /
_cRoberto Martínez de los Santos.
264 _aSanto Domingo :
_bJet,
_c1997.
300 _a152 páginas :
_bil.ustraciones ;
_c21 cm.
336 _2rdacontent
_atexto
_btxt
337 _2rdamedia
_asin mediación
_bn
338 _2rdacarrier
_avolumen
_bnc
500 _arequisitos y procedimientos para las gestiones civiles, comerciales y tributarias en República Dominicana.
500 _aIncluye referencia bibliográficas e índice
500 _aIncluye directorio teléfonico de las principales instituciones del estado dominicano.
590 _aInventariado, 2023/BT
650 0 _aImpuestos
_zRepública Dominicana
_98380
910 _aBtavárez
942 _2ddc
_cLBS1
999 _c2564
_d2564